LEADER 01002nam0-22003131i-450- 001 990001716260403321 005 20090603143159.0 035 $a000171626 035 $aFED01000171626 035 $a(Aleph)000171626FED01 035 $a000171626 100 $a20030910d1900----km-y0itay50------ba 101 1 $afre 200 1 $a<>huiles essentielles$fE. Gildemeister, Fr. Hoffmann$gtraduction par A. Gault$gavec préface et annotations de A. Haller 210 $aLeipzig$cBrockaus$d1900 215 $a866 p.$d24 cm 300 $aSul front. "Traité publié sous les auspices de la maison Schimmel & Cie à Leipzig". 454 0$1001000221165 610 0 $aOlii essenziali 676 $a661.806 700 1$aGildemeister,$bEduard$017257 702 1$aHoffmann,$bFriedrich$f<1832-1904> 801 0$aIT$bUNINA$gRICA$2UNIMARC 901 $aBK 912 $a990001716260403321 952 $a60 661.83 B 1$b6683$fFAGBC 959 $aFAGBC 996 $aHuiles essentielles$9359070 997 $aUNINA LEADER 01216nam2-2200385li-450 001 990000194430203316 005 20180312154814.0 010 $a0-8218-0267-4 035 $a0019443 035 $aUSA010019443 035 $a(ALEPH)000019443USA01 035 $a0019443 100 $a2001997031996-------y0itay0103----ba 101 0 $aeng 102 $aUS 200 1 $a<> invitation to arithmetic geometry$fDino Lorenzini 210 $aRhode Island$cAmerican Mathematical Society$dcopyr.1996 215 $aXII, 397 p$cill$d26 cm 225 2 $aGraduate studies in mathematics$v9 410 0$10010019441$12001$aGraduate studies in mathematics 610 1 $ageometria 676 $a51274$9Teoria dei numeri (Algebrica) 700 1$aLORENZINI,$bDino$067552 801 $aSistema bibliotecario di Ateneo dell' Università di Salerno$gRICA 912 $a990000194430203316 951 $a512.74 LOR$b0019851 959 $aBK 969 $aSCI 979 $c19970306 979 $c20001110$lUSA01$h1713 979 $c20020403$lUSA01$h1627 979 $aPATRY$b90$c20040406$lUSA01$h1614 979 $aPASSARO$b90$c20140603$lUSA01$h1151 996 $aInvitation to arithmetic geometry$978942 997 $aUNISA LEADER 01237nam--2200349---450- 001 990005907190203316 005 20131112153609.0 035 $a000590719 035 $aUSA01000590719 035 $a(ALEPH)000590719USA01 035 $a000590719 100 $a20131112d2011----km-y0itay50------ba 101 $aita 102 $aIT 105 $a||||||||001yy 200 1 $aMessaggio agli italiani e interventi di fine anno del Presidente della Repubblica Giorgio Napolitano$edicembre 2010 210 $aRoma$cUfficio per la Stampa e l'Informazione della Presidenza della Repubblica$d2011 215 $a50 p.$d12 cm 300 $aIn testa al frontespizio: Presidenza della Repubblica italiana 606 0 $2BNCF 676 $a342.45 700 01$aNapolitano,$bGiorgio <1925- >$0120314 712 01$aItalia : Presidenza della Repubblica 801 0$aIT$bsalbc$gISBD 912 $a990005907190203316 951 $aXXXI.MISC. 149$b78201 G.$cXXIV.2.A.$d00344423 959 $aBK 969 $aGIU 979 $aCHIARA$b90$c20131112$lUSA01$h1535 979 $aCHIARA$b90$c20131112$lUSA01$h1536 996 $aMessaggio agli italiani e interventi di fine anno del Presidente della Repubblica Giorgio Napolitano$91073289 997 $aUNISA LEADER 01599nam 2200361z- 450 001 9910689847703321 005 20161209104820.0 035 $a(CKB)5860000000024652 035 $a(BIP)012599216 035 $a(EXLCZ)995860000000024652 100 $a20220406c2005uuuu -u- - 101 0 $aeng 200 10$aHealth informatics $ewhat is the prescription for success in intergovernmental information sharing and emergency response? : hearing before the Subcommittee on Technology, Information Policy, Intergovernmental Relations and the Census of the Committee on Government Reform, House of Representatives, One Hundred Eighth Congress, second session, July 14, 2004 215 $a1 online resource (iii, 157 p.) $cill 311 $a0-16-074401-6 517 $aHealth informatics 606 $aMedical informatics$zUnited States 606 $aHealth services administration$xTechnological innovations$zUnited States 606 $aInformation storage and retrieval systems$xMedical care$zUnited States 606 $aIntergovernmental cooperation$zUnited States 610 $aMedical informatics 610 $aHealth services administration 610 $aInformation storage and retrieval systems 610 $aMedical 610 $aBusiness & economics 615 0$aMedical informatics 615 0$aHealth services administration$xTechnological innovations 615 0$aInformation storage and retrieval systems$xMedical care 615 0$aIntergovernmental cooperation 906 $aBOOK 912 $a9910689847703321 996 $aHealth Informatics$91777900 997 $aUNINA